Lyrics to 'No Se Va' by Morat - Statistics

General Stats
  • This quiz has been taken 41 times
  • The average score is 244 of 264
Answer Stats
Answer % Correct
a
100%
Algo
100%
algo
100%
amor
100%
así
100%
corazón
100%
disimular
100%
en
100%
encontrar
100%
hablar
100%
la
100%
mi
100%
100%
no
100%
noche
100%
olvida
100%
otra
100%
que
100%
Quédate
100%
quiere
100%
recuerdo
100%
100%
se
100%
ti
100%
toda
100%
100%
tu
100%
Tu
100%
100%
Un
100%
un
100%
una
100%
va
100%
vez
100%
vida
100%
volver
100%
Y
100%
y
100%
bala
89%
de
89%
De
89%
doce
89%
eres
89%
es
89%
las
89%
más
89%
me
89%
olvidar?
89%
perdida
89%
puedo
89%
te
89%
Te
89%
Ya
89%
aire
78%
Aires
78%
aunque
78%
Buenos
78%
busco
78%
¿Cómo
78%
difícil
78%
duela
78%
él
78%
el
78%
enamorarme
78%
estás
78%
explico
78%
fácil
78%
foto
78%
hoy
78%
juraste
78%
Llamo
78%
olvidarte
78%
roto
78%
si
78%
Tan
78%
tan
78%
ver
78%
Bogotá
67%
hasta
67%
Por
67%
Porque
67%
Yo
67%
besos
56%
entreno
56%
loco
56%
mañana
56%
mil
56%
mis
56%
para
56%
Sentir
56%
vas
56%
vuelve
56%
bailes
44%
buscaré
44%
convencerme
44%
cuando
44%
Fue
44%
ojos
44%
Perder
44%
suene
44%
suficiente
44%
No matching quizzes found
Score Distribution
Percent of People with Each Score
Percentile by Number Answered
Your Score History
You have not taken this quiz